Регионална библиотека "Любен Каравелов" - Русе

Мария Антоанета (Запис номер 188671)

MARC детайли
000 -Лидер
Контролно поле с фиксирана дължина nam a22 a 4500
003 - Код на организацията, давaща контролен номер
Контролно поле BLK
005 - Дата и час на последна редакция
Контролно поле 20230328145646.0
008 - Елементи от данни с фиксирана дължина
fixed length control field 180411b bul|||||r ||||||| ||bul||
010 ## - Наследен системен номер
LC control number KNG00197690000
040 ## - Източник на каталожния запис
Идентификатор на билиотеката - собственик на записа BLK
041 ## - Код за език
Код за езика на текст/звукозапис или на отделно заглавие Български
Код за езика КДБФ Български
080 ## - УДК
Текстов определител УДК Австрийска литература
УДК код - определител по УДК 821.112(436)
УДК определител -312.6
УДК - код + определител 821.112(436)-312.6
100 1# - Редна дума - Автор
Автор Цвайг, Стефан
Авторска отговорност първи автор
R(LIN) 366443
139 ## - Редно поле
Редна дума Цвайг, Стефан
Авторски знак Цва - Ц 29
245 10 - Сведения за заглавието
Заглавие Мария Антоанета
Подзаглавни данни Портр. на един посредствен характер : Роман
Редно поле (дума) Стефан Цвайг; прев. от нем. Ива Бончева Илиева.
250 ## - Област на изданието
Сведения за изданието Ново изд.
257 ## - Страна на издаване
Страна на създаване/издаване Австрия
260 ## - Област на издателските данни
Място на издаване, разпространение и проч. София
Име на издателя, разпространителя и проч. Хермес - 7
Година на издаване 1992
300 ## - Физическа характеристика
Страници 264 с.
Размери/Мащаб 22 см
380 ## - Жанр
Жанр Худож. лит.
500 ## - Общи забележки
Забележка Ориг. загл. Marie Antoinette / Stefan Zweig. - 1 . изд. [1940] на изд. Смрикаров в Библ. Световни автори : Знаменити съвременни романи ; Г. III. Премия; В кн. означено 2. изд. - 15 000 тир.
600 14 - Име на лице, използвано като предмет
За него / За нея Мария-Антоанета
9 (RLIN) 290416
650 #4 - Допълнително описание по предмет – тема
Основно описание – тема или топоним Мария-Антоанета, кралица на Франция
9 (RLIN) 344639
651 #4 - Допълнително описание по предмет - топоним
Географско понятие Франция
9 (RLIN) 179722
653 ## - Ключова дума – ненормативна
Ключова дума Мария-Антоанета
653 ## - Ключова дума – ненормативна
Ключова дума романизувани биографии
700 1# - Други автори (авторска отговорност)
Лично име Илиева, Ива Бончева
Автороска отговорност (Описва отношението между автора и произведението) прев. от нем.
9 (RLIN) 384634
852 ## - Местоположение
Форматна сигнатура Цб 171399
Фондова буква Хранилище
856 4# - Електронен адрес и достъп
Електронен формат pdf - файл
Инструкция (цена за достъп) 0.00
Права за достъп disable
856 4# - Електронен адрес и достъп
Електронен формат pdf - файл
Инструкция (цена за достъп) 0.00
Права за достъп disable
999 ## - СИСТЕМНИ КОНТРОЛНИ НОМЕРА
Koha biblionumber 188671
Koha biblioitemnumber 188671
942 ## - АРТИКУЛИ
Вид на библиотечния материал Книги
Скрит в OPAC Не
Периодичен библиозапис Да
944 ## - СЪЗДАВАНЕ И РЕДАКЦИЯ на ЗАПИСА
Създаване/Редакция Създаване
Дата на регистрацията/редакция 09.12.2016
Статус, дата на статуса ф /
Служител, извършил регистрацията/редакцията Правда_Бадева
944 ## - СЪЗДАВАНЕ И РЕДАКЦИЯ на ЗАПИСА
Създаване/Редакция Редакция
Дата на регистрацията/редакция 19.04.2017
Статус, дата на статуса ф /
Служител, извършил регистрацията/редакцията Людмила_Стоянова
999 ## - СИСТЕМНИ КОНТРОЛНИ НОМЕРА
Koha biblioitemnumber 188671
Наличности
Код за отписване Код за изгубен артикул Източник на класификационната схема Код за повреда Коз за рестрикции Код за отдаване Артикулен № Име на библиотеката - собственик Име на библиотеката, в която се намира в момента Статус (Текущо местоположение) Дата на вписване в системата Местоположение - отдел Цена в лева Инвентарен номер Систематично азбучна сигнатура Баркод Номер на екземпляра Цена в евро Служебна бележка Служебен тип на артикула
  Не е изгубен Universal Decimal Classification Не е повреден без рестрикции ползва се в читалня 331403 Регионална библиотека "Любен Каравелов" Русе Регионална библиотека "Любен Каравелов" Русе Хранилище 1992-01-01 Хранилище 28.00 575508 Цб 171399 120000575508 1 14.32 Дост: Dp Вид: Д N: стар фонд Дата: 01.01.1992 Книги
Изтеглен Не е изгубен Universal Decimal Classification Не е повреден без рестрикции заемане за дома 331404 Регионална библиотека "Любен Каравелов" Русе Регионална библиотека "Любен Каравелов" Русе Заемна - подръчен фонд 1992-01-01 Заемна - подръчен фонд 1.96 585509 П 830-31/Ц 29 585509 2 1.00 Дост: Pk Вид: Ф N: стар фонд Дата: 01.01.1992 Книги
Изтеглен Не е изгубен Universal Decimal Classification Не е повреден без рестрикции заемане за дома 331405 Регионална библиотека "Любен Каравелов" Русе Регионална библиотека "Любен Каравелов" Русе Заемна - подръчен фонд 1992-01-01 Заемна - подръчен фонд 1.96 585510 П 830-31/Ц 29 585510 3 1.00 Дост: Pk Вид: Ф N: стар фонд Дата: 01.01.1992 Книги
Изтеглен Не е изгубен Universal Decimal Classification Не е повреден без рестрикции заемане за дома 331406 Регионална библиотека "Любен Каравелов" Русе Регионална библиотека "Любен Каравелов" Русе Заемна - подръчен фонд 1992-01-01 Заемна - подръчен фонд 1.96 599537 П 830-31/Ц 29 599537 4 1.00 Дост: Pk Вид: Ф N: стар фонд Дата: 01.01.1992; Бележки инв: П2018 Книги
Изтеглен Не е изгубен Universal Decimal Classification Не е повреден без рестрикции заемане за дома 331407 Регионална библиотека "Любен Каравелов" Русе Регионална библиотека "Любен Каравелов" Русе Заемна - подръчен фонд 1992-01-01 Заемна - подръчен фонд 1.96 599539 П 830-31/Ц 29 599539 5 1.00 Дост: Pk Вид: Ф N: стар фонд Дата: 01.01.1992; Бележки инв: П2018 Книги
  Не е изгубен Universal Decimal Classification Не е повреден без рестрикции заемане за дома 331408 Регионална библиотека "Любен Каравелов" Русе Регионална библиотека "Любен Каравелов" Русе Заемна - подръчен фонд 2017-01-23 Заемна - подръчен фонд 18.00 120000807895 П 830-31/Ц 29 120000807895 6 9.20 Дост: DA Вид: А N: 5 Дата: 23.01.2017; Бележки инв: П2018 Книги
Vip Innovations Ltd, Rousse, Bulgaria 2025